| 000 | 00458 a2200181 4500 | ||
|---|---|---|---|
| 001 | 067643 | ||
| 003 | OSt | ||
| 005 | 20211229153004.0 | ||
| 008 | |||
| 082 |
_a510 _bG76C |
||
| 100 | 1 | _aGraham, Ronald L. | |
| 245 | 1 |
_aConcrete mathematics _cby Ronald L. Graham |
|
| 260 |
_aNew Delhi _bPearson _c2009 |
||
| 300 | _a643p. | ||
| 653 | _aMathematics; Computer-mathematics | ||
| 700 | _aknuth, Donald E. | ||
| 942 |
_2ddc _cBK |
||
| 999 |
_c1516 _d1516 |
||